000
00317nam a22001337a 4500
008
170606b xxu||||| |||| 00| 0 eng d
020
_a
9780761929277
041
_a
eng
080
_a
94
100
_a
18
101
_a
SHH
245
_a
ENCYCLOPEDIA OF UNITED STATES NATIONAL SECURITY
_c
SAMUELS.R.J
942
_2
udc
_c
BK
999
_c
16155
_d
16155